Statistics for Golden State Warriors 20 Points Per Game Players

Click here to take the quiz!

General Stats

  • This quiz has been taken 17 times
    (5 since last reset)
  • The average score is 15 of 28

Answer Stats

# Players Last % Correct
7Stephen Curry2019
100%
6Chris Mullin1993
100%
5Klay Thompson2019
100%
5Wilt Chamberlain1964
100%
2Baron Davis2008
100%
3Kevin Durant2019
100%
8Rick Barry1978
100%
9Paul Arizin1962
80%
2Stephen Jackson2009
80%
3Mitch Richmond1991
60%
1David Lee2012
60%
1D'Angelo Russell2020
60%
2Cazzie Russell1974
60%
4Tim Hardaway1995
60%
2Jason Richardson2006
40%
1Phil Smith1976
40%
3Joe Fulks1949
40%
4Joe Barry Carroll1987
40%
4Monta Ellis2012
40%
5Neil Johnston1957
40%
4Jeff Mullins1972
20%
2World B. Free1982
20%
2Bernard King1982
20%
3Latrell Sprewell1997
20%
4Purvis Short1986
0%
2Antawn Jamison2003
0%
2Rudy LaRusso1969
0%
5Nate Thurmond1972
0%

Score Distribution

Percentile by Number Answered

Percent of People with Each Score

Your Score History

You have not taken this quiz since the last reset